000
00242nam a2200097Ia 4500
001
653862
005
20250826154506.0
008
250824s9999 xx 000 0 und d
245
0
_a
ŞANSLI AİLE
_c
KİRSTEN BOİE
260
_b
GÜNIŞIĞI YAYINLARI
999
_c
653862
_d
653862